Big Bang Theory Theme Song Quiz Stats

 Plays Quiz Updated Mar 3, 2017

Support Sporcle.
Go Orange.
Score 0/7 Timer 02:00
36 Plays Today
% Correct
Pyramids
89.3%
History
88.2%
Science
85.8%
Math
81.2%
Expansion
76.4%
Neanderthals
74.3%
Autotrophs
70%

You're not logged in!

Compare scores with friends on all Sporcle quizzes.
OR
Log In
Forgot?

From the Vault

Colorful Shape Search III

by PrincessMartell

Just don't get too bent out of shape if time runs out on you.
Remove Ads.
Support Sporcle.
Get the best of Sporcle when you Go Orange. This ad-free experience offers more features, more stats, and more fun while also helping to support Sporcle. Thank you for becoming a member.

Show Comments

Extras

Top Quizzes Today


Score Distribution

Your Account Isn't Verified!

In order to create a playlist on Sporcle, you need to verify the email address you used during registration. Go to your Sporcle Settings to finish the process.

Report this User

Report this user for behavior that violates our Community Guidelines.

Details: